Les communes limitrophes de Créteil - Statistiques

Statistiques générales
  • Ce quiz a été pris 136 fois
  • Le résultat moyen est 5 sur 7
Statistiques - réponses
Hint Réponse % Correct
Nord-Est Saint-Maur-des-Fossés
88%
Nord-Ouest Alfortville
82%
Est Bonneuil-sur-Marne
82%
Nord-Ouest Maisons-Alfort
78%
Sud-Ouest Choisy-le-Roi
75%
Sud Valenton
70%
Sud Limeil-Brévannes
53%
Aucun quiz correspondant
Distribution des résultats
% des personnes avec chaque résultat
Percentile par nombre de réponses
Votre historique - résultats
Vous n’avez pas pris ce quiz